Outsourcing distribučných a logistických činností
Význam outsourcingu v distribučných a logistických činnostiach firmy. Vymedzenie a základná charakteristika základných faktorov, ktoré napomáhajú využívaniu outsourcingu v procesoch prebiehajúcich v distribučných kanáloch. Outsourcing logistických činností. Outsourcingové úžitky a riziká v logistike...
Enregistré dans:
| Auteur principal: | |
|---|---|
| Format: | Chapitre de livre |
| Sujets: | |
| Tags: |
Pas de tags, Soyez le premier à ajouter un tag!
|
MARC
| LEADER | 00000naa$a2200000$$$4500 | ||
|---|---|---|---|
| 001 | 0037734 | ||
| 005 | 20240502071456.8 | ||
| 044 | |a SK | ||
| 245 | 1 | 0 | |a Outsourcing distribučných a logistických činností |c Ferdinand Daňo |
| 520 | |a Význam outsourcingu v distribučných a logistických činnostiach firmy. Vymedzenie a základná charakteristika základných faktorov, ktoré napomáhajú využívaniu outsourcingu v procesoch prebiehajúcich v distribučných kanáloch. Outsourcing logistických činností. Outsourcingové úžitky a riziká v logistike. Zmluvná logistika. | ||
| 610 | 2 | 0 | |a outsourcing |
| 610 | 2 | 0 | |a kanály distribučné |
| 610 | 2 | 0 | |a logistika |
| 610 | 2 | 0 | |a služby logistické |
| 610 | 2 | 0 | |a kooperácia |
| 610 | 2 | 0 | |a koncentrácia |
| 610 | 2 | 0 | |a riziko podnikateľské |
| 100 | 1 | |a Daňo, Ferdinand, 1959- | |